书目信息 |
| 题名: |
傻瓜之光
|
|
| 作者: | 施特劳斯 著 ;何婧 译 | |
| 分册: | ||
| 出版信息: | 北京 社会科学文献出版社 2018.01 |
|
| 页数: | 170页 | |
| 开本: | 21cm | |
| 丛书名: | ||
| 单 册: | ||
| 中图分类: | B516.59 | |
| 科图分类: | ||
| 主题词: | 哲学--zhe xue--德国--现代 | |
| 电子资源: | ||
| ISBN: | 978-7-5201-1813-2 | |
| 000 | 01475nam0 2200301 450 | |
| 001 | 202019132852 | |
| 005 | 20190921113344.0 | |
| 010 | @a978-7-5201-1813-2@b精装@dCNY46.00 | |
| 100 | @a20190916d2018 em y0chiy50 ea | |
| 101 | 1 | @achi@cger |
| 102 | @aCN@b110000 | |
| 105 | @ay z 000yy | |
| 106 | @ar | |
| 200 | 1 | @a傻瓜之光@Asha gua zhi guang@e白痴和他的时代@f(德) 博托·施特劳斯著@d= Lichter Des Toren@eDer Idiot Und Seine Zeit@fBotho Straub@g何婧译@zger |
| 210 | @a北京@c社会科学文献出版社@d2018.01 | |
| 215 | @a170页@d21cm | |
| 300 | @a本书获得歌德学院 (中国) 全额翻译资助 甲骨文 | |
| 305 | @a本书中文版根据Diederichs出版社2013年版译出 | |
| 314 | @a博托·施特劳斯, 1944年生于萨尔河畔的瑙姆堡, 德国当代最重要的剧作家和散文家之一。何婧, 德语文学研究者, 慕尼黑大学德语文学博士在读。 | |
| 330 | @a本书讨论了两个中心问题: 经过灵活变通的完全知情的存在是否会进入影响力的中心? 过剩的边界在哪里? 如果从社会批判和反思的角度解读这部作品, 可以发现, 生存于当代消费社会的人变得越来越迟钝, 思考和感受能力也越来越差, 人正在成为对历史和现状无知无觉的失忆之人, 成为无思想无特性的人, 成为不知快乐为何物的人。 | |
| 500 | 10 | @aLichter Des Toren : Der Idiot Und Seine Zeit@mChinese |
| 517 | 1 | @a白痴和他的时代@Abai chi he ta de shi dai |
| 606 | 0 | @a哲学@Azhe xue@y德国@z现代 |
| 690 | @aB516.59@v5 | |
| 701 | 1 | @a施特劳斯@Ashi te lao si@g(Straub, Botho),@f1944-@4著 |
| 702 | 0 | @a何婧@Ahe jing@4译 |
| 801 | 0 | @aCN@c20190905 |
| 905 | @a河南城建学院图书馆@dB516.59@eS501 | |
| 傻瓜之光:白痴和他的时代/(德) 博托·施特劳斯著= Lichter Des Toren:Der Idiot Und Seine Zeit/Botho Straub/何婧译.-北京:社会科学文献出版社,2018.01 |
| 170页;21cm |
| 本书获得歌德学院 (中国) 全额翻译资助 甲骨文 |
| ISBN 978-7-5201-1813-2(精装):CNY46.00 |
| 本书讨论了两个中心问题: 经过灵活变通的完全知情的存在是否会进入影响力的中心? 过剩的边界在哪里? 如果从社会批判和反思的角度解读这部作品, 可以发现, 生存于当代消费社会的人变得越来越迟钝, 思考和感受能力也越来越差, 人正在成为对历史和现状无知无觉的失忆之人, 成为无思想无特性的人, 成为不知快乐为何物的人。 |
| ● |
| 相关链接 |
|
|
|
正题名:傻瓜之光
索取号:B516.59/S501
 
预约/预借
| 序号 | 登录号 | 条形码 | 馆藏地/架位号 | 状态 | 备注 |
| 1 | 1439668 | 214396688 | 社科库509/509社科库 18排1列4层/ [索取号:B516.59/S501] | 在馆 | |
| 2 | 1439669 | 214396697 | 社科库509/509社科库 18排1列4层/ [索取号:B516.59/S501] | 在馆 | |
| 3 | 1439670 | 214396704 | 社科库509/509社科库 18排1列4层/ [索取号:B516.59/S501] | 在馆 |